[Event "NSV Open-ch Rapid 2019"]
[Site "Lueneburg"]
[Date "2019.08.03"]
[Round "3.12"]
[White "Weidenhoefer, Max"]
[Black "Daemmig, Matthias"]
[Result "0-1"]
[WhiteElo "1805"]
[BlackElo "2059"]
[Annotator "NA RC"]
[PlyCount "99"]
[EventDate "2019.08.03"]
[EventType "swiss"]
[EventCountry "GER"]
[SourceTitle "playchess.com"]
[Source "ChessBase"]
[SourceQuality "1"]
[TimeControl "600+5"]

1. e4 {[%emt 0:00:00]} c5 {[%emt 0:00:00]} 2. Nf3 {[%emt 0:00:00]} Nf6 {[%emt 0:00:00]} 3. Nc3 {[%emt 0:00:02]} d5 {[%emt 0:00:00]} 4. exd5 {[%emt 0:01:09]} Nxd5 {[%emt 0:00:00]} 5. Nxd5 {[%emt 0:00:06]} Qxd5 {[%emt 0:00:00]} 6. d3 {[%emt 0:00:10]} Nc6 {[%emt 0:00:03]} 7. Be2 {[%emt 0:00:06]} g6 {[%emt 0:00:08]} 8. O-O {[%emt 0:00:13]} Bg7 {[%emt 0:00:03]} 9. Rb1 {[%emt 0:00:08]} Qxa2 {[%emt 0:00:29]} 10. Be3 {[%emt 0:00:40]} Qd5 {[%emt 0:00:03]} 11. Qd2 {[%emt 0:00:19]} O-O {[%emt 0:00:05]} 12. Bh6 {[%emt 0:00:04]} b6 {[%emt 0:00:50]} 13. h3 {[%emt 0:00:46]} Bb7 {[%emt 0:00:01]} 14. Nh2 {[%emt 0:00:28]} Nd4 {[%emt 0:00:14]} 15. Bf3 {[%emt 0:00:10]} Nxf3+ {[%emt 0:00:04]} 16. Nxf3 {[%emt 0:00:01]} Rfe8 {[%emt 0:01:03]} 17. Bxg7 {[%emt 0:00:13]} Kxg7 {[%emt 0:00:01]} 18. Rfe1 {[%emt 0:00:08]} e5 {[%emt 0:00:14]} 19. Qc3 {[%emt 0:00:25]} f6 {[%emt 0:00:01]} 20. b4 {[%emt 0:00:14]} cxb4 {[%emt 0:00:14]} 21. Rxb4 {[%emt 0:00:05]} Rec8 {[%emt 0:00:54]} 22. Qd2 {[%emt 0:00:20]} Qa5 {[%emt 0:00:02]} 23. c4 {[%emt 0:00:46]} Rd8 {[%emt 0:00:16]} 24. Qb2 {[%emt 0:00:31]} Bxf3 {[%emt 0:00:05]} 25. gxf3 {[%emt 0:00:06]} Rxd3 {[%emt 0:00:24]} 26. Re3 {[%emt 0:00:12]} Rad8 {[%emt 0:00:13]} 27. Rb3 {[%emt 0:00:21]} Rd1+ {[%emt 0:00:16]} 28. Kg2 {[%emt 0:00:03]} Qa6 {[%emt 0:00:26]} 29. Qc2 {[%emt 0:00:31]} R8d4 {[%emt 0:00:03]} 30. Red3 {[%emt 0:00:34]} Qa1 {[%emt 0:00:28]} 31. Qxd1 {[%emt 0:00:30]} Qxd1 {[%emt 0:00:04]} 32. Rxd1 {[%emt 0:00:05]} Rxd1 {[%emt 0:00:01]} 33. Ra3 {[%emt 0:00:03]} Rd7 {[%emt 0:00:04]} 34. Kg3 {[%emt 0:00:13]} Kf7 {[%emt 0:00:01]} 35. f4 {[%emt 0:00:02]} Ke6 {[%emt 0:00:02]} 36. fxe5 {[%emt 0:00:03]} Kxe5 {[%emt 0:00:02]} 37. Ra1 {[%emt 0:00:09]} Rc7 {[%emt 0:00:03]} 38. Re1+ {[%emt 0:00:07]} Kd6 {[%emt 0:00:09]} 39. Rd1+ {[%emt 0:00:07]} Kc5 {[%emt 0:00:02]} 40. Rc1 {[%emt 0:00:07]} a5 {[%emt 0:00:01]} 41. Kf3 {[%emt 0:00:03]} a4 {[%emt 0:00:03]} 42. Ra1 {[%emt 0:00:06]} Ra7 {[%emt 0:00:01]} 43. Ke3 {[%emt 0:00:06]} Kxc4 {[%emt 0:00:01]} 44. Rc1+ {[%emt 0:00:02]} Kd5 {[%emt 0:00:06]} 45. Rd1+ {[%emt 0:00:05]} Ke6 {[%emt 0:00:02]} 46. Rb1 {[%emt 0:00:02]} Ra6 {[%emt 0:00:04]} 47. Kd4 {[%emt 0:00:07]} a3 {[%emt 0:00:01]} 48. Kc3 {[%emt 0:00:20]} a2 {[%emt 0:00:01]} 49. Re1+ {[%emt 0:00:05]} Kf5 {[%emt 0:00:07]} 50. Kd4 {[%emt 0:02:57] Ke5+} 0-1

[Event "NSV Open-ch Rapid 2019"]
[Site "Lueneburg"]
[Date "2019.08.03"]
[Round "3.13"]
[White "Fischer, Thomas"]
[Black "Rothenberg, Jannik"]
[Result "1-0"]
[WhiteElo "2106"]
[BlackElo "1859"]
[Annotator "TA"]
[PlyCount "57"]
[EventDate "2019.08.03"]
[EventType "swiss"]
[EventCountry "GER"]
[SourceTitle "playchess.com"]
[Source "ChessBase"]
[SourceQuality "1"]

{[%evp 15,56,-23,0,-12,70,-60,87,62,121,81,52,46,73,0,25,-71,71,73,81,74,87,71,106,0,72,82,99,92,89,82,582,588,572,568,552,543,904,901,943,935,29984,29985,29999]} 1. e4 e6 2. d4 d5 3. e5 c5 4. c3 Nc6 5. Nf3 Qb6 6. Bd3 Bd7 7. O-O cxd4 8. cxd4 Rc8 9. Nc3 {C02: French: Advance Variation} Nge7 (9... Nxd4 $11 10. Nxd4 Qxd4) (9... Na5 10. Na4 Bxa4 11. Qxa4+ Nc6 12. Bd2 Nge7 13. b4 a6 14. Rab1 g6 15. b5 axb5 16. Rxb5 Qc7 {1-0 (48) Rodriguez Vila,A (2507)-Bassan Noriega,R (2356) Villa Martelli 2011}) 10. Qe2 (10. Be3 $14) 10... g6 $146 (10... Nxd4 $15 11. Nxd4 Qxd4) ({Predecessor:} 10... Nb4 11. Nb5 Nec6 12. Bb1 Nxe5 13. Nxe5 Bxb5 14. Qh5 Rc7 15. Re1 Qxd4 16. Nxf7 Rxf7 17. Rxe6+ {0-1 (25) Kovacs,B (1837)-Balonyi,R Hungary 2009}) 11. Be3 {White is better.} h5 (11... Nf5 $14) 12. a3 Nf5 13. Bxf5 gxf5 14. Rfc1 (14. Rfd1 $16) 14... Na5 (14... f4 $5 15. Bxf4 Nxd4 16. Nxd4 Qxd4 $11) 15. Nd2 (15. Rab1 $11) 15... Nb3 (15... Qxb2 $17 {keeps the pressure on.} 16. Nde4 Qxe2 17. Nf6+ Kd8 18. Nxe2 Rxc1+ 19. Bxc1 Bb5) 16. Nxb3 $16 Qxb3 17. Bg5 Be7 18. h4 Rc4 19. Qd1 (19. Bxe7 $16 Kxe7 20. Qd2) 19... Qb6 (19... Qxd1+ $11 20. Rxd1 Bxg5 21. hxg5 Ke7) 20. Ne2 Rxc1 21. Qxc1 Bxg5 22. hxg5 Ke7 $2 {[%mdl 8192] [#]} (22... Qd8 $16 {is tougher.}) 23. g6 $1 $18 {[%mdl 512]} Rg8 (23... fxg6 24. Qg5+) 24. Qg5+ {[%mdl 64] Double Attack} Ke8 25. g7 Qd8 26. Qh6 Bc6 27. Nf4 f6 28. exf6 Kf7 29. Qg6# {Accuracy: White = 34%, Black = 12%.} 1-0

[Event "NSV Open-ch Rapid 2019"]
[Site "Lueneburg"]
[Date "2019.08.03"]
[Round "3.14"]
[White "Reimers, Achim"]
[Black "Colbow, Collin"]
[Result "0-1"]
[WhiteElo "1975"]
[BlackElo "2167"]
[Annotator "TA"]
[PlyCount "148"]
[EventDate "2019.08.03"]
[EventType "swiss"]
[EventCountry "GER"]
[SourceTitle "playchess.com"]
[Source "ChessBase"]
[SourceQuality "1"]

{[%evp 9,147,-20,-27,-24,-2,-7,3,0,0,0,4,-19,-12,-14,-14,-77,-25,-140,-39,-38,-33,-36,-12,-18,-18,-18,-16,-12,-4,-12,0,0,22,7,29,-11,-17,-17,-21,-12,0,-18,-13,-43,-32,-43,-29,-20,-14,-29,-8,-8,0,-20,0,-16,0,-15,36,0,34,38,51,67,46,0,14,3,29,3,32,0,35,0,36,0,62,0,42,40,47,0,36,25,25,29,104,8,23,0,0,0,0,0,1,-6,0,-12,0,-12,-12,-21,-21,-21,-12,-14,-12,-45,-16,-1459,-1446,-1444,-1434,-1241,-1114,-2062,-2104,-29978,-29979,-29978,-29979,-29976,-29974,-29980,-29981,-2751,-8,-8,-8,-29982,-29983,-29983,-29984,-29983,-29983,-29983,-29984,-29986,-29979,-29994]} 1. d4 Nf6 2. c3 e6 3. e3 (3. Bg5 h6 4. Bh4 b6 5. e3 Bb7 6. Nd2 Be7 7. Ngf3 c5 8. a3 Nc6 9. Bd3 d5 10. b4 Rc8 11. Qb1 Ba8 12. Bg3 Bd6 13. Ne5 O-O 14. f4 cxd4 15. cxd4 Bxe5 16. fxe5 {½-½ (47) Rapport,R (2694)-Nepomniachtchi,I (2742) Geneva 2017}) 3... b6 4. f4 Bb7 5. Nf3 c5 6. Bd3 {A45: Trompowsky Attack} cxd4 7. exd4 Be7 8. O-O {The position is equal.} O-O 9. Nbd2 Qc7 10. g3 $146 ({Predecessor:} 10. Ne5 d6 11. Ng4 {0-1 (24) Ossi,A-Pimenta,E (1780) Petropolis 2013}) 10... d6 11. Qe2 Nbd7 12. Ng5 (12. Nc4 $11) 12... Rae8 (12... e5 $17) 13. Nge4 {[#]} (13. Nde4 $11) 13... Nxe4 ({Black should try} 13... e5 $1 $17 14. Ba6 Ba8) 14. Bxe4 $15 Nf6 15. Bf3 Bd8 16. Ne4 $1 Nxe4 17. Bxe4 Bxe4 18. Qxe4 d5 19. Qd3 Be7 20. Bd2 Rc8 21. a3 Qc4 22. Qf3 Qb3 23. Rab1 Qc2 24. Be3 a5 25. Rfc1 Qd3 26. Kg2 b5 (26... h5 {seems wilder.} 27. h3 Bd6 28. Bf2 Qf5 29. Be3 b5) 27. Bf2 Qxf3+ 28. Kxf3 Rc4 29. Be1 Rfc8 30. Bd2 Kf8 31. Ke3 Ke8 32. Kd3 Kd7 33. Ra1 Ra4 (33... h5 $11) 34. Rf1 Rac4 35. f5 {fxe6+ is the strong threat.} Bf6 36. fxe6+ fxe6 37. Rac1 R4c6 38. h4 Ke8 39. Rfe1 Kf7 40. Rf1 Ke8 41. Rfe1 Be7 42. Rf1 Rb6 (42... Bf6 $11) 43. Rfe1 ({Better is} 43. h5 $14) 43... Rcb8 44. Bf4 R8b7 45. Bd2 Kf7 46. Rf1+ Kg8 47. Rce1 b4 (47... Ra7 $11) 48. axb4 (48. cxb4 $16 axb4 49. a4) 48... axb4 $11 49. Ra1 bxc3 50. Bxc3 Bf6 51. Ra8+ Rb8 52. Rfa1 Kf7 53. R1a6 Kg6 54. Ke3 Kf5 55. Kf3 h5 56. Ra1 Rxa8 57. Rxa8 {[%mdl 4096] Endgame KRB-KRB} Rb3 {Strongly threatening ...Bxd4.} 58. Kg2 Ke4 59. Ra3 $2 {[%mdl 8192]} (59. Ra6 $11) 59... Rxa3 $19 60. bxa3 Bxd4 {KB-KB} 61. Bb4 Kd3 62. Kf3 e5 63. Bd6 e4+ 64. Kf4 e3 65. Bb4 e2 66. Kf3 Bb6 67. a4 d4 $2 (67... Be3 $19 {( -> ...Bd2)} 68. Be1 Bd2) 68. a5 $11 Ba7 69. Kf2 $2 {[%mdl 8192] [#]} (69. Be1 $11) 69... Kc4 {Black mates.} 70. Bd2 d3+ 71. Ke1 Kb5 72. Bc3 g6 73. Bd2 Bb8 {[%cal Rb8g3]} 74. Bc1 {Accuracy: White = 21%, Black = 39%.} Bxg3+ 0-1

[Event "NSV Open-ch Rapid 2019"]
[Site "Lueneburg"]
[Date "2019.08.03"]
[Round "3.15"]
[White "Becker, Martin Alexander"]
[Black "Harnack, Bernhard"]
[Result "1-0"]
[WhiteElo "2373"]
[BlackElo "1712"]
[Annotator "TA"]
[PlyCount "49"]
[EventDate "2019.08.03"]
[EventType "swiss"]
[EventCountry "GER"]
[SourceTitle "playchess.com"]
[Source "ChessBase"]
[SourceQuality "1"]

{[%evp 9,49,-15,50,26,46,34,58,9,22,-5,-14,-115,-115,-111,-100,-200,-125,-128,-125,-124,-125,-120,-92,-111,1334,1279,1382,1379,1365,1331,29990,29979,29992,29992,29992,29993,29993,29991,29990,1393,1279,1264]} 1. c4 e6 2. e4 d5 3. cxd5 exd5 4. e5 (4. exd5 Nf6 5. Bb5+ Nbd7 6. Nc3 a6 7. Be2 Nb6 8. Nf3 Nbxd5 9. d4 Be7 10. O-O O-O 11. Ne5 Bd6 12. Bf3 c6 13. Bg5 h6 {1-0 (40) Vachier Lagrave,M (2780)-Forcen Esteban,D (2567) chess.com INT 2019}) 4... f6 5. d4 Nd7 $146 (5... fxe5 $11 6. Qh5+ g6 7. Qxe5+ Qe7) ({Predecessor:} 5... c5 6. Be3 cxd4 7. Bxd4 Nc6 8. Bb5 Bd7 9. Bxc6 bxc6 10. Nf3 fxe5 11. Nxe5 Nf6 12. O-O Be7 13. Re1 O-O 14. Qe2 Bd6 15. Nxd7 Qxd7 16. Qe6+ Qxe6 17. Rf1 Ne4 {0-1 (17) Mackler,S-Grassi,M (2205) Dos Hermanas 2003}) 6. Nf3 {C00: French: Unusual White 2nd moves} Bb4+ 7. Nc3 Qe7 {[%cal Rf6e5]} 8. Bd2 {White is slightly better.} c6 {[%cal Rf6e5]} 9. Bd3 {Threatens to win with 0-0.} (9. Be2 {is interesting.} fxe5 10. dxe5 Nxe5 11. O-O Nf6 12. Nxe5 Qxe5 13. Nxd5 Bxd2 14. Nxf6+ Qxf6 15. Qxd2 Be6 16. Bf3) 9... fxe5 {White should prevent ...Bxc3.} 10. dxe5 (10. O-O $1 $11 {remains equal.}) 10... Nxe5 $17 11. Nxe5 Qxe5+ 12. Ne2 (12. Qe2 $17 {was called for.} Qxe2+ 13. Nxe2 Bxd2+ 14. Kxd2) 12... Bxd2+ 13. Qxd2 Nf6 14. O-O O-O 15. Rfe1 Ng4 16. Ng3 Qd4 $2 {[%mdl 8192] [#]} (16... Qd6 $17 17. Re2 Bd7) 17. Bxh7+ $1 $18 {[%mdl 576] Discovered Attack} Kxh7 18. Qxd4 Nf6 19. Re7 b6 20. Rae1 c5 21. Qh4+ Kg8 {[#]} 22. Qg5 $1 {[%csl Ge7][%cal Rg5g7]} Rf7 23. Rxf7 Kxf7 24. Nf5 (24. Nh5 $142 Nxh5 25. Qxh5+ Kf6 26. Qxd5 Bf5 27. Qxa8 a6 28. Qf8+ Kg6 29. Re7) 24... Bxf5 25. Qxf5 {Accuracy: White = 27%, Black = 39%.} 1-0

[Event "NSV Open-ch Rapid 2019"]
[Site "Lueneburg"]
[Date "2019.08.03"]
[Round "3.16"]
[White "Toepper, Olaf"]
[Black "Marzik, Arne"]
[Result "1-0"]
[WhiteElo "1896"]
[BlackElo "1366"]
[Annotator "NA RC"]
[PlyCount "87"]
[EventDate "2019.08.03"]
[EventType "swiss"]
[EventCountry "GER"]
[SourceTitle "playchess.com"]
[Source "ChessBase"]
[SourceQuality "1"]
[TimeControl "600+5"]

1. d4 {[%emt 0:00:00]} Nf6 {[%emt 0:00:00]} 2. Bf4 {[%emt 0:00:00]} e6 {[%emt 0:00:08]} 3. e3 {[%emt 0:00:00]} c5 {[%emt 0:00:02]} 4. c3 {[%emt 0:00:02]} Nc6 {[%emt 0:00:06]} 5. Nd2 {[%emt 0:00:03]} Qb6 {[%emt 0:00:20]} 6. Rb1 {[%emt 0:00:30]} Be7 {[%emt 0:00:20]} 7. Bd3 {[%emt 0:00:06]} Nd5 {[%emt 0:00:22]} 8. Nc4 {[%emt 0:00:32]} Qd8 {[%emt 0:00:38]} 9. Nd6+ {[%emt 0:00:04]} Bxd6 {[%emt 0:00:14]} 10. Bxd6 {[%emt 0:00:02]} Nde7 {[%emt 0:00:04]} 11. Qh5 {[%emt 0:01:14]} cxd4 {[%emt 0:00:23]} 12. exd4 {[%emt 0:00:15]} Ng6 {[%emt 0:01:15]} 13. Nf3 {[%emt 0:00:19]} Nce7 {[%emt 0:00:34]} 14. Ng5 {[%emt 0:00:37]} h6 {[%emt 0:00:28]} 15. Ne4 {[%emt 0:01:13]} Nf5 {[%emt 0:01:07]} 16. Ba3 {[%emt 0:06:23]} Nf4 {[%emt 0:00:25]} 17. Qf3 {[%emt 0:00:00]} Nh4 {[%emt 0:01:08]} 18. Nd6+ {[%emt 0:00:00]} Kf8 {[%emt 0:00:32]} 19. Qg3 {[%emt 0:00:00]} Kg8 {[%emt 0:00:34]} 20. Kd2 {[%emt 0:00:00]} Nxd3 {[%emt 0:00:15]} 21. Qxd3 {[%emt 0:00:00]} Qg5+ {[%emt 0:00:12]} 22. Kc2 {[%emt 0:00:00]} Qg6 {[%emt 0:00:31]} 23. Rbe1 {[%emt 0:00:00]} Nxg2 {[%emt 0:00:21]} 24. Qxg6 {[%emt 0:00:00]} Nxe1+ {[%emt 0:00:03]} 25. Rxe1 {[%emt 0:00:00]} fxg6 {[%emt 0:00:02]} 26. Rg1 {[%emt 0:00:10]} Kh7 {[%emt 0:00:04]} 27. h4 {[%emt 0:00:08]} b6 {[%emt 0:00:37]} 28. Kd2 {[%emt 0:00:06]} Ba6 {[%emt 0:00:08]} 29. b4 {[%emt 0:00:13]} Rab8 {[%emt 0:00:29]} 30. b5 {[%emt 0:00:06]} Bb7 {[%emt 0:00:03]} 31. c4 {[%emt 0:00:05]} a6 {[%emt 0:00:28]} 32. Nf7 {[%emt 0:00:15]} Rhe8 {[%emt 0:00:29]} 33. Ne5 {[%emt 0:00:02]} axb5 {[%emt 0:00:06]} 34. cxb5 {[%emt 0:00:01]} d5 {[%emt 0:00:11]} 35. Nxg6 {[%emt 0:00:06]} Ra8 {[%emt 0:00:08]} 36. Rg3 {[%emt 0:00:17]} Ra5 {[%emt 0:00:07]} 37. Bd6 {[%emt 0:00:06]} Rxb5 {[%emt 0:00:02]} 38. Be5 {[%emt 0:00:05]} Rb2+ {[%emt 0:00:08]} 39. Ke1 {[%emt 0:00:05]} Rxa2 {[%emt 0:00:05]} 40. Nf4 {[%emt 0:00:07]} Rg8 {[%emt 0:00:02]} 41. Nxe6 {[%emt 0:00:01]} Re8 {[%emt 0:00:04]} 42. Rxg7+ {[%emt 0:00:03]} Kh8 {[%emt 0:00:04]} 43. Rxb7+ {[%emt 0:00:02]} Kg8 {[%emt 0:00:03]} 44. Rg7+ {[%emt 0:00:07] Kf8} 1-0

[Event "NSV Open-ch Rapid 2019"]
[Site "Lueneburg"]
[Date "2019.08.03"]
[Round "3.17"]
[White "Rothenberg, Nina"]
[Black "Langer, Michael S."]
[Result "1/2-1/2"]
[WhiteElo "1768"]
[BlackElo "1911"]
[Annotator "NA RC"]
[PlyCount "70"]
[EventDate "2019.08.03"]
[EventType "swiss"]
[EventCountry "GER"]
[SourceTitle "playchess.com"]
[Source "ChessBase"]
[SourceQuality "1"]
[TimeControl "600+5"]

1. e4 {[%emt 0:00:00]} c6 {[%emt 0:00:00]} 2. d4 {[%emt 0:00:00]} d5 {[%emt 0:00:00]} 3. e5 {[%emt 0:00:00]} c5 {[%emt 0:00:00]} 4. c3 {[%emt 0:00:03]} Nc6 {[%emt 0:00:01]} 5. Nf3 {[%emt 0:00:16]} Bg4 {[%emt 0:00:02]} 6. Be2 {[%emt 0:00:02]} e6 {[%emt 0:00:03]} 7. O-O {[%emt 0:00:05]} cxd4 {[%emt 0:00:04]} 8. cxd4 {[%emt 0:00:05]} Nge7 {[%emt 0:00:03]} 9. Be3 {[%emt 0:00:20]} Nf5 {[%emt 0:00:59]} 10. Nc3 {[%emt 0:00:18]} a6 {[%emt 0:00:10]} 11. h3 {[%emt 0:00:08]} Nxe3 {[%emt 0:00:20]} 12. fxe3 {[%emt 0:00:04]} Bf5 {[%emt 0:00:13]} 13. a3 {[%emt 0:00:31]} Be7 {[%emt 0:00:08]} 14. Bd3 {[%emt 0:00:51]} Bxd3 {[%emt 0:00:32]} 15. Qxd3 {[%emt 0:00:02]} O-O {[%emt 0:00:03]} 16. Rac1 {[%emt 0:01:26]} Rc8 {[%emt 0:00:22]} 17. b4 {[%emt 0:00:16]} Qd7 {[%emt 0:00:21]} 18. Nd2 {[%emt 0:00:23]} f6 {[%emt 0:01:32]} 19. exf6 {[%emt 0:00:22]} Bxf6 {[%emt 0:00:02]} 20. Nb3 {[%emt 0:00:14]} Qe7 {[%emt 0:00:31]} 21. Ne2 {[%emt 0:01:01]} Na7 {[%emt 0:00:41]} 22. Nf4 {[%emt 0:00:27]} Bg5 {[%emt 0:00:48]} 23. Rxc8 {[%emt 0:00:40]} Rxc8 {[%emt 0:00:01]} 24. Nc5 {[%emt 0:00:09]} Bxf4 {[%emt 0:00:14]} 25. Rxf4 {[%emt 0:00:03]} Nb5 {[%emt 0:01:09]} 26. Rf1 {[%emt 0:00:36]} Nd6 {[%emt 0:00:34]} 27. Ra1 {[%emt 0:01:35]} Rf8 {[%emt 0:00:32]} 28. a4 {[%emt 0:00:28]} Qf6 {[%emt 0:02:06]} 29. Rf1 {[%emt 0:00:18]} Qxf1+ {[%emt 0:00:08]} 30. Qxf1 {[%emt 0:00:02]} Rxf1+ {[%emt 0:00:01]} 31. Kxf1 {[%emt 0:00:01]} Kf7 {[%emt 0:00:02]} 32. Ke2 {[%emt 0:00:26]} Ke7 {[%emt 0:00:07]} 33. Kd3 {[%emt 0:00:16]} Kf7 {[%emt 0:00:28]} 34. Ke2 {[%emt 0:00:55]} Ke7 {[%emt 0:00:02]} 35. Kd3 {[%emt 0:00:32]} Ke8 {[%emt 0:00:36]} 1/2-1/2

[Event "NSV Open-ch Rapid 2019"]
[Site "Lueneburg"]
[Date "2019.08.03"]
[Round "3.18"]
[White "Aarav Dengla"]
[Black "Egelriede, Nikolas"]
[Result "1-0"]
[WhiteElo "2051"]
[BlackElo "1865"]
[Annotator "NA RC"]
[PlyCount "115"]
[EventDate "2019.08.03"]
[EventType "swiss"]
[EventCountry "GER"]
[SourceTitle "playchess.com"]
[Source "ChessBase"]
[SourceQuality "1"]
[TimeControl "600+5"]

1. e4 {[%emt 0:00:00]} d5 {[%emt 0:00:00]} 2. exd5 {[%emt 0:00:00]} Qxd5 {[%emt 0:00:00]} 3. Nc3 {[%emt 0:00:00]} Qd6 {[%emt 0:00:00]} 4. d4 {[%emt 0:00:00]} Nf6 {[%emt 0:00:01]} 5. Nf3 {[%emt 0:00:01]} a6 {[%emt 0:00:01]} 6. Be2 {[%emt 0:00:02]} Nc6 {[%emt 0:00:04]} 7. Be3 {[%emt 0:00:01]} Bf5 {[%emt 0:00:09]} 8. Qd2 {[%emt 0:00:01]} O-O-O {[%emt 0:00:08]} 9. O-O {[%emt 0:01:18]} e5 {[%emt 0:00:38]} 10. dxe5 {[%emt 0:00:13]} Nxe5 {[%emt 0:00:04]} 11. Qxd6 {[%emt 0:00:04]} Bxd6 {[%emt 0:00:03]} 12. Nd4 {[%emt 0:00:23]} Bg6 {[%emt 0:00:14]} 13. f4 {[%emt 0:00:59]} Neg4 {[%emt 0:00:39]} 14. f5 {[%emt 0:01:11]} Nxe3 {[%emt 0:00:17]} 15. fxg6 {[%emt 0:00:02]} Nxf1 {[%emt 0:00:20]} 16. Kxf1 {[%emt 0:00:28]} hxg6 {[%emt 0:00:39]} 17. h3 {[%emt 0:00:14]} Bc5 {[%emt 0:00:20]} 18. Nb3 {[%emt 0:00:12]} Ba7 {[%emt 0:00:07]} 19. Rd1 {[%emt 0:00:22]} Rxd1+ {[%emt 0:00:10]} 20. Bxd1 {[%emt 0:00:01]} Rd8 {[%emt 0:00:11]} 21. Bf3 {[%emt 0:00:14]} Nh5 {[%emt 0:00:21]} 22. Na5 {[%emt 0:01:31]} c6 {[%emt 0:00:11]} 23. Nb3 {[%emt 0:00:14]} Re8 {[%emt 0:00:29]} 24. Ne2 {[%emt 0:00:17]} Nf6 {[%emt 0:00:17]} 25. c3 {[%emt 0:00:19]} Nd7 {[%emt 0:00:45]} 26. Nbd4 {[%emt 0:00:19]} Ne5 {[%emt 0:00:15]} 27. b3 {[%emt 0:00:24]} Nxf3 {[%emt 0:00:13]} 28. Nxf3 {[%emt 0:00:19]} Rd8 {[%emt 0:00:30]} 29. Ke1 {[%emt 0:00:06]} Re8 {[%emt 0:00:21]} 30. Kd2 {[%emt 0:00:12]} Be3+ {[%emt 0:00:39]} 31. Kd3 {[%emt 0:00:04]} Bc5 {[%emt 0:00:17]} 32. b4 {[%emt 0:00:10]} Bf8 {[%emt 0:00:20]} 33. g4 {[%emt 0:00:27]} f5 {[%emt 0:00:19]} 34. Nf4 {[%emt 0:00:11]} fxg4 {[%emt 0:00:26]} 35. hxg4 {[%emt 0:00:03]} Rd8+ {[%emt 0:00:20]} 36. Ke2 {[%emt 0:00:29]} Rd6 {[%emt 0:00:04]} 37. Nd4 {[%emt 0:00:10]} Kd7 {[%emt 0:00:30]} 38. Ke3 {[%emt 0:00:12]} Be7 {[%emt 0:00:09]} 39. Nd3 {[%emt 0:00:22]} Rd5 {[%emt 0:00:27]} 40. Ke4 {[%emt 0:00:36]} Bf6 {[%emt 0:00:19]} 41. Nc5+ {[%emt 0:00:30]} Kc8 {[%emt 0:00:21]} 42. Nce6 {[%emt 0:00:08]} Bxd4 {[%emt 0:01:52]} 43. cxd4 {[%emt 0:00:08]} Kd7 {[%emt 0:00:00]} 44. Nc5+ {[%emt 0:00:04]} Kc7 {[%emt 0:00:00]} 45. a3 {[%emt 0:00:01]} Rd6 {[%emt 0:00:00]} 46. Ke5 {[%emt 0:00:02]} Rf6 {[%emt 0:00:00]} 47. Ne6+ {[%emt 0:00:01]} Rxe6+ {[%emt 0:00:00]} 48. Kxe6 {[%emt 0:00:02]} b6 {[%emt 0:00:00]} 49. Kf7 {[%emt 0:00:03]} Kd6 {[%emt 0:00:00]} 50. Kxg6 {[%emt 0:00:09]} c5 {[%emt 0:00:00]} 51. dxc5+ {[%emt 0:00:03]} bxc5 {[%emt 0:00:00]} 52. bxc5+ {[%emt 0:00:01]} Kxc5 {[%emt 0:00:00]} 53. Kxg7 {[%emt 0:00:03]} Kc4 {[%emt 0:00:00]} 54. Kf6 {[%emt 0:00:02]} Kb3 {[%emt 0:00:00]} 55. g5 {[%emt 0:00:00]} Kxa3 {[%emt 0:00:00]} 56. g6 {[%emt 0:00:01]} Kb3 {[%emt 0:00:00]} 57. g7 {[%emt 0:01:16]} a5 {[%emt 0:01:15]} 58. g8=Q+ {[%emt 0:00:00] a4} 1-0

[Event "NSV Open-ch Rapid 2019"]
[Site "Lueneburg"]
[Date "2019.08.03"]
[Round "3.19"]
[White "Lai Hop, Long"]
[Black "Rempe, Jonas"]
[Result "1-0"]
[WhiteElo "1817"]
[BlackElo "1839"]
[Annotator "NA RC"]
[PlyCount "119"]
[EventDate "2019.08.03"]
[EventType "swiss"]
[EventCountry "GER"]
[SourceTitle "playchess.com"]
[Source "ChessBase"]
[SourceQuality "1"]
[TimeControl "600+5"]

1. g3 {[%emt 0:00:01]} Nf6 {[%emt 0:00:00]} 2. d4 {[%emt 0:00:01]} g6 {[%emt 0:00:00]} 3. Bg2 {[%emt 0:00:02]} Bg7 {[%emt 0:00:00]} 4. c4 {[%emt 0:00:01]} O-O {[%emt 0:00:00]} 5. Nc3 {[%emt 0:00:01]} d6 {[%emt 0:00:00]} 6. e4 {[%emt 0:00:02]} c6 {[%emt 0:00:01]} 7. Nf3 {[%emt 0:00:11]} Nbd7 {[%emt 0:00:01]} 8. O-O {[%emt 0:00:09]} Qc7 {[%emt 0:00:02]} 9. Re1 {[%emt 0:00:03]} e5 {[%emt 0:00:01]} 10. h3 {[%emt 0:00:05]} h6 {[%emt 0:00:09]} 11. Be3 {[%emt 0:00:04]} Kh7 {[%emt 0:00:08]} 12. Rc1 {[%emt 0:00:09]} Ne8 {[%emt 0:00:03]} 13. g4 {[%emt 0:00:43]} Nb6 {[%emt 0:00:17]} 14. b3 {[%emt 0:00:15]} Bd7 {[%emt 0:01:53]} 15. Qc2 {[%emt 0:00:16]} f5 {[%emt 0:00:02]} 16. c5 {[%emt 0:00:59]} dxc5 {[%emt 0:00:02]} 17. dxc5 {[%emt 0:00:03]} Nc8 {[%emt 0:00:00]} 18. exf5 {[%emt 0:00:45]} gxf5 {[%emt 0:00:04]} 19. gxf5 {[%emt 0:00:08]} Bxf5 {[%emt 0:00:02]} 20. Ne4 {[%emt 0:00:52]} Nf6 {[%emt 0:00:01]} 21. Nfd2 {[%emt 0:00:15]} Nxe4 {[%emt 0:00:15]} 22. Nxe4 {[%emt 0:00:11]} Qd7 {[%emt 0:00:19]} 23. Rcd1 {[%emt 0:00:33]} Qe6 {[%emt 0:00:01]} 24. Rd2 {[%emt 0:00:11]} Kh8 {[%emt 0:00:05]} 25. Kh2 {[%emt 0:00:17]} Ne7 {[%emt 0:00:17]} 26. Qc4 {[%emt 0:00:32]} Nd5 {[%emt 0:00:07]} 27. Red1 {[%emt 0:00:58]} Qg6 {[%emt 0:00:22]} 28. Ng3 {[%emt 0:01:10]} Nxe3 {[%emt 0:01:09]} 29. fxe3 {[%emt 0:00:03]} e4 {[%emt 0:00:09]} 30. Nxf5 {[%emt 0:01:16]} Qxf5 {[%emt 0:01:02]} 31. Qxe4 {[%emt 0:00:20]} Qg5 {[%emt 0:00:26]} 32. Rd7 {[%emt 0:01:02]} Rae8 {[%emt 0:00:25]} 33. Qg4 {[%emt 0:00:13]} Qxg4 {[%emt 0:00:49]} 34. hxg4 {[%emt 0:00:01]} Rxe3 {[%emt 0:00:01]} 35. Rxb7 {[%emt 0:00:25]} Re2 {[%emt 0:00:02]} 36. Kg1 {[%emt 0:00:02]} Rxa2 {[%emt 0:00:27]} 37. Rdd7 {[%emt 0:00:21]} Ra1+ {[%emt 0:01:10]} 38. Kh2 {[%emt 0:00:02]} Be5+ {[%emt 0:00:02]} 39. Kh3 {[%emt 0:00:03]} Ra2 {[%emt 0:00:11]} 40. g5 {[%emt 0:00:13]} hxg5 {[%emt 0:00:27]} 41. Bxc6 {[%emt 0:00:08]} Rh2+ {[%emt 0:00:18]} 42. Kg4 {[%emt 0:00:02]} Rf4+ {[%emt 0:00:02]} 43. Kxg5 {[%emt 0:00:04]} Rf8 {[%emt 0:00:26]} 44. Rf7 {[%emt 0:00:11]} Rg8+ {[%emt 0:00:33]} 45. Kf5 {[%emt 0:00:01]} Rh5+ {[%emt 0:00:01]} 46. Ke4 {[%emt 0:00:02]} Rg4+ {[%emt 0:00:03]} 47. Ke3 {[%emt 0:00:08]} Rh3+ {[%emt 0:00:49]} 48. Bf3 {[%emt 0:00:02]} Kg8 {[%emt 0:00:49]} 49. Ke2 {[%emt 0:00:03]} Rh2+ {[%emt 0:00:05]} 50. Kd3 {[%emt 0:00:02]} Rd4+ {[%emt 0:00:05]} 51. Ke3 {[%emt 0:00:04]} Rhd2 {[%emt 0:00:19]} 52. Be4 {[%emt 0:00:14]} Rd8 {[%emt 0:00:11]} 53. Rfe7 {[%emt 0:00:09]} Bf6 {[%emt 0:00:02]} 54. Bh7+ {[%emt 0:00:06]} Kh8 {[%emt 0:00:04]} 55. Rf7 {[%emt 0:00:06]} Bg5+ {[%emt 0:00:01]} 56. Kf3 {[%emt 0:00:02]} R2d3+ {[%emt 0:00:06]} 57. Bxd3 {[%emt 0:00:02]} Rxd3+ {[%emt 0:00:07]} 58. Ke2 {[%emt 0:00:02]} Rd2+ {[%emt 0:00:06]} 59. Ke1 {[%emt 0:00:03]} Rd8 {[%emt 0:00:16]} 60. Rh7+ {[%emt 0:00:31]} 1-0